[Event "33ème Open International d'Avoine"]
[Site "Avoine"]
[Date "2018.07.21"]
[Round "4.3"]
[White "Daeschler, Florian"]
[Black "Haub, Thorsten Michael"]
[Result "1/2-1/2"]
[WhiteElo "2228"]
[BlackElo "2405"]
[PlyCount "135"]
[EventDate "2018.??.??"]

1. d4 {[%emt 0:00:01]} d6 {[%emt 0:00:16]} 2. g3 {[%emt 0:00:52]} g6 {
[%emt 0:01:04]} 3. Bg2 {[%emt 0:01:01]} Bg7 {[%emt 0:00:09]} 4. Nf3 {
[%emt 0:00:09]} f5 {[%emt 0:00:19]} 5. b3 {[%emt 0:00:41]} Nf6 {[%emt 0:00:09]}
6. Bb2 {[%emt 0:00:12]} O-O {[%emt 0:00:23]} 7. O-O {[%emt 0:00:56]} c6 {
[%emt 0:05:29]} 8. Nbd2 {[%emt 0:01:34]} Nh5 {[%emt 0:09:30]} 9. e4 {
[%emt 0:09:12]} f4 {[%emt 0:00:24]} 10. Qe2 {[%emt 0:05:11]} Na6 {
[%emt 0:18:17]} 11. Rab1 {[%emt 0:23:29]} Nc7 {[%emt 0:07:55]} 12. d5 {
[%emt 0:05:28]} Bxb2 {[%emt 0:00:13]} 13. Rxb2 {[%emt 0:00:19]} cxd5 {
[%emt 0:01:43]} 14. exd5 {[%emt 0:00:12]} Nxd5 {[%emt 0:00:47]} 15. Re1 {
[%emt 0:10:19]} e6 {[%emt 0:03:33]} 16. Ne4 {[%emt 0:03:29]} Ndf6 {
[%emt 0:06:19]} 17. Neg5 {[%emt 0:05:27]} Ng7 {[%emt 0:01:16]} 18. c4 {
[%emt 0:03:20]} d5 {[%emt 0:06:36]} 19. Nd4 {[%emt 0:09:15]} fxg3 {
[%emt 0:12:06]} 20. hxg3 {[%emt 0:01:49]} Qd6 {[%emt 0:08:42]} 21. Ndxe6 {
[%emt 0:07:07]} Bxe6 {[%emt 0:00:57]} 22. Nxe6 {[%emt 0:00:06]} Rae8 {
[%emt 0:04:38]} 23. cxd5 {[%emt 0:01:26]} Nxd5 {[%emt 0:03:29]} 24. Rd2 {
[%emt 0:01:29]} Rf5 {[%emt 0:00:35]} 25. Qc4 {[%emt 0:02:14]} Qb4 {
[%emt 0:10:43]} 26. Bxd5 {[%emt 0:07:10]} Qxd2 {[%emt 0:00:08]} 27. Nd4+ {
[%emt 0:00:03]} Ne6 {[%emt 0:04:24]} 28. Bxe6+ {[%emt 0:01:08]} Kh8 {
[%emt 0:00:25]} 29. Rf1 {[%emt 0:03:25]} Rf6 {[%emt 0:01:30]} 30. Bg4 {
[%emt 0:04:59]} h5 {[%emt 0:01:07]} 31. Bf3 {[%emt 0:02:01]} Qxa2 {
[%emt 0:01:15]} 32. Qb5 {[%emt 0:00:49]} Re7 {[%emt 0:00:32]} 33. Qg5 {
[%emt 0:00:21]} Qa6 {[%emt 0:01:00]} 34. Rc1 {[%emt 0:00:44]} Kh7 {
[%emt 0:00:25]} 35. Bc6 {[%emt 0:01:25]} Ref7 {[%emt 0:00:25]} 36. Be8 {
[%emt 0:00:37]} Rg7 {[%emt 0:00:38]} 37. Qe3 {[%emt 0:00:34]} Qa3 {
[%emt 0:00:39]} 38. Re1 {[%emt 0:00:19]} Qc5 {[%emt 0:00:42]} 39. Ne6 {
[%emt 0:00:39]} Qxe3 {[%emt 0:00:31]} 40. Rxe3 {[%emt 0:00:02]} Rg8 {
[%emt 0:00:28]} 41. Ng5+ {[%emt 0:00:08]} Kh6 {[%emt 0:02:56]} 42. f4 {
[%emt 0:02:27]} h4 {[%emt 0:03:07]} 43. Kg2 {[%emt 0:02:23]} hxg3 {
[%emt 0:00:56]} 44. Kxg3 {[%emt 0:00:08]} Rgf8 {[%emt 0:03:56]} 45. Re7 {
[%emt 0:05:09]} Rxf4 {[%emt 0:00:34]} 46. Nf7+ {[%emt 0:00:08]} R8xf7 {
[%emt 0:00:15]} 47. Bxf7 {[%emt 0:00:12]} Rb4 {[%emt 0:01:01]} 48. Bd5 {
[%emt 0:00:40]} Rb5 {[%emt 0:00:33]} 49. Bc4 {[%emt 0:00:37]} Rb4 {
[%emt 0:00:17]} 50. Bd5 {[%emt 0:02:56]} Rb5 {[%emt 0:00:10]} 51. Rd7 {
[%emt 0:00:04]} a5 {[%emt 0:01:10]} 52. Kf3 {[%emt 0:00:29]} a4 {[%emt 0:00:51]
} 53. bxa4 {[%emt 0:00:47]} Rb4 {[%emt 0:00:07]} 54. Bxb7 {[%emt 0:01:06]} Rxa4
{[%emt 0:00:09]} 55. Be4 {[%emt 0:00:03]} Ra6 {[%emt 0:00:46]} 56. Kg4 {
[%emt 0:00:14]} Re6 {[%emt 0:00:38]} 57. Kf4 {[%emt 0:00:53]} Ra6 {
[%emt 0:00:51]} 58. Ke5 {[%emt 0:00:29]} Kg5 {[%emt 0:01:15]} 59. Rd1 {
[%emt 0:00:20]} Rb6 {[%emt 0:01:06]} 60. Rg1+ {[%emt 0:00:16]} Kh6 {
[%emt 0:00:10]} 61. Bd5 {[%emt 0:00:20]} Ra6 {[%emt 0:00:42]} 62. Be6 {
[%emt 0:00:47]} Kg7 {[%emt 0:00:20]} 63. Rc1 {[%emt 0:00:07]} Ra3 {
[%emt 0:01:07]} 64. Rc7+ {[%emt 0:00:14]} Kh6 {[%emt 0:00:17]} 65. Bd5 {
[%emt 0:00:49]} Ra6 {[%emt 0:00:29]} 66. Bc6 {[%emt 0:00:34]} Ra1 {
[%emt 0:00:51]} 67. Be4 {[%emt 0:01:01]} Ra6 {[%emt 0:00:10]} 68. Bxg6 {
[%emt 0:00:06]} 1/2-1/2

[Event "33ème Open International d'Avoine"]
[Site "Avoine"]
[Date "2018.07.21"]
[Round "4.4"]
[White "Lerch, Patrice"]
[Black "Navrotescu, Andreea-Cristiana"]
[Result "1-0"]
[WhiteElo "2405"]
[BlackElo "2182"]
[PlyCount "43"]
[EventDate "2018.??.??"]

1. g3 {[%emt 0:03:37]} c5 {[%emt 0:00:12]} 2. Bg2 {[%emt 0:00:06]} Nc6 {
[%emt 0:00:19]} 3. Nc3 {[%emt 0:00:45]} g6 {[%emt 0:00:12]} 4. d3 {
[%emt 0:00:08]} Bg7 {[%emt 0:00:22]} 5. Bg5 {[%emt 0:00:08]} h6 {[%emt 0:03:49]
} 6. Bd2 {[%emt 0:01:47]} d6 {[%emt 0:00:31]} 7. Qc1 {[%emt 0:00:46]} Rb8 {
[%emt 0:01:07]} 8. Nh3 {[%emt 0:02:34]} e5 {[%emt 0:14:08]} 9. f4 {
[%emt 0:12:58]} Nge7 {[%emt 0:06:09]} 10. O-O {[%emt 0:06:28]} b5 {
[%emt 0:01:05]} 11. fxe5 {[%emt 0:04:11]} dxe5 {[%emt 0:00:45]} 12. Nf2 {
[%emt 0:01:10]} f5 {[%emt 0:06:43]} 13. e4 {[%emt 0:01:09]} Nd4 {[%emt 0:00:53]
} 14. Re1 {[%emt 0:02:49]} O-O {[%emt 0:03:26]} 15. Ncd1 {[%emt 0:03:30]} f4 {
[%emt 0:02:19]} 16. gxf4 {[%emt 0:07:53]} Qd6 {[%emt 0:01:58]} 17. c3 {
[%emt 0:02:57]} Ne6 {[%emt 0:04:52]} 18. fxe5 {[%emt 0:05:23]} Qxe5 {
[%emt 0:00:41]} 19. Bxh6 {[%emt 0:02:49]} Nf4 {[%emt 0:34:56]} 20. Bxf4 {
[%emt 0:16:17]} Rxf4 {[%emt 0:01:02]} 21. d4 {[%emt 0:05:09]} cxd4 {
[%emt 0:00:25]} 22. Nd3 {[%emt 0:00:13]} 1-0

[Event "33ème Open International d'Avoine"]
[Site "Avoine"]
[Date "2018.07.21"]
[Round "4.5"]
[White "Naumkin, Igor"]
[Black "Vallet, Marc"]
[Result "1-0"]
[WhiteElo "2379"]
[BlackElo "2182"]
[PlyCount "71"]
[EventDate "2018.??.??"]

1. d4 {[%emt 0:00:02]} Nf6 {[%emt 0:04:18]} 2. c4 {[%emt 0:00:08]} e5 {
[%emt 0:00:17]} 3. dxe5 {[%emt 0:00:10]} Ng4 {[%emt 0:00:14]} 4. e4 {
[%emt 0:00:10]} h5 {[%emt 0:01:34]} 5. h3 {[%emt 0:02:16]} Nxe5 {[%emt 0:01:52]
} 6. Be3 {[%emt 0:01:27]} Bb4+ {[%emt 0:07:18]} 7. Nc3 {[%emt 0:05:41]} Bxc3+ {
[%emt 0:03:58]} 8. bxc3 {[%emt 0:00:06]} b6 {[%emt 0:08:10]} 9. Nf3 {
[%emt 0:05:18]} Qe7 {[%emt 0:07:44]} 10. Nd4 {[%emt 0:02:58]} g6 {
[%emt 0:04:42]} 11. Be2 {[%emt 0:05:20]} Bb7 {[%emt 0:00:40]} 12. O-O {
[%emt 0:05:44]} d6 {[%emt 0:09:52]} 13. Qd2 {[%emt 0:06:39]} Nbc6 {
[%emt 0:05:55]} 14. f4 {[%emt 0:03:58]} Nd7 {[%emt 0:00:35]} 15. Bf3 {
[%emt 0:04:40]} Na5 {[%emt 0:00:58]} 16. Nb3 {[%emt 0:07:00]} Nc6 {
[%emt 0:01:20]} 17. a4 {[%emt 0:07:24]} Nc5 {[%emt 0:05:00]} 18. Nxc5 {
[%emt 0:03:37]} dxc5 {[%emt 0:01:06]} 19. a5 {[%emt 0:01:00]} Nxa5 {
[%emt 0:01:37]} 20. Rxa5 {[%emt 0:01:00]} bxa5 {[%emt 0:00:21]} 21. Qf2 {
[%emt 0:03:01]} O-O {[%emt 0:04:02]} 22. Bxc5 {[%emt 0:01:24]} Qe6 {
[%emt 0:00:07]} 23. f5 {[%emt 0:04:17]} Qxc4 {[%emt 0:05:01]} 24. Be2 {
[%emt 0:13:10]} Qxc3 {[%emt 0:03:07]} 25. fxg6 {[%emt 0:01:43]} f6 {
[%emt 0:02:14]} 26. Bd4 {[%emt 0:05:32]} Qb4 {[%emt 0:02:56]} 27. Qe3 {
[%emt 0:09:32]} Rad8 {[%emt 0:06:00]} 28. Bxf6 {[%emt 0:00:53]} Rxf6 {
[%emt 0:02:33]} 29. Rxf6 {[%emt 0:00:10]} Qxe4 {[%emt 0:00:13]} 30. Qf2 {
[%emt 0:02:15]} h4 {[%emt 0:09:33]} 31. Rd6 {[%emt 0:04:01]} Rf8 {
[%emt 0:02:12]} 32. Rd8 {[%emt 0:00:16]} Qxg2+ {[%emt 0:02:33]} 33. Qxg2 {
[%emt 0:00:27]} Bxg2 {[%emt 0:00:03]} 34. Rd7 {[%emt 0:02:35]} Rf4 {
[%emt 0:03:06]} 35. Kxg2 {[%emt 0:00:15]} a4 {[%emt 0:00:30]} 36. Rxc7 {
[%emt 0:00:22]} 1-0

[Event "33ème Open International d'Avoine"]
[Site "Avoine"]
[Date "2018.07.21"]
[Round "4.6"]
[White "Mevel, Alberic"]
[Black "Malassagne, Raphael"]
[Result "0-1"]
[WhiteElo "2169"]
[BlackElo "2275"]
[PlyCount "74"]
[EventDate "2018.??.??"]

1. e4 {[%emt 0:00:02]} c6 {[%emt 0:00:03]} 2. d4 {[%emt 0:00:14]} d5 {
[%emt 0:00:05]} 3. e5 {[%emt 0:00:14]} c5 {[%emt 0:00:05]} 4. dxc5 {
[%emt 0:01:06]} e6 {[%emt 0:00:05]} 5. Be3 {[%emt 0:01:11]} Nd7 {[%emt 0:04:49]
} 6. Bb5 {[%emt 0:07:16]} Qc7 {[%emt 0:02:59]} 7. Nf3 {[%emt 0:19:57]} Bxc5 {
[%emt 0:02:04]} 8. Bxc5 {[%emt 0:08:16]} Qxc5 {[%emt 0:00:06]} 9. Nc3 {
[%emt 0:00:41]} Ne7 {[%emt 0:04:50]} 10. O-O {[%emt 0:05:54]} a6 {
[%emt 0:00:52]} 11. Bd3 {[%emt 0:04:03]} Ng6 {[%emt 0:06:22]} 12. Re1 {
[%emt 0:02:13]} b5 {[%emt 0:05:14]} 13. Bxg6 {[%emt 0:06:51]} hxg6 {
[%emt 0:03:22]} 14. Ne2 {[%emt 0:00:17]} Qc7 {[%emt 0:08:42]} 15. Ned4 {
[%emt 0:00:37]} Nc5 {[%emt 0:00:51]} 16. Nd2 {[%emt 0:15:08]} Rh4 {
[%emt 0:03:21]} 17. N4f3 {[%emt 0:06:01]} Rh5 {[%emt 0:01:09]} 18. b3 {
[%emt 0:00:57]} Bb7 {[%emt 0:01:15]} 19. Nf1 {[%emt 0:01:08]} Rc8 {
[%emt 0:04:21]} 20. Ng3 {[%emt 0:00:22]} Rh8 {[%emt 0:00:32]} 21. Nd4 {
[%emt 0:01:02]} Ne4 {[%emt 0:04:55]} 22. a4 {[%emt 0:06:31]} b4 {[%emt 0:07:59]
} 23. f4 {[%emt 0:02:17]} Qb6 {[%emt 0:02:35]} 24. Nxe4 {[%emt 0:03:39]} dxe4 {
[%emt 0:00:09]} 25. Qd2 {[%emt 0:00:23]} Rc5 {[%emt 0:13:00]} 26. Rad1 {
[%emt 0:01:02]} Bd5 {[%emt 0:01:25]} 27. Qf2 {[%emt 0:00:53]} Kd7 {
[%emt 0:06:12]} 28. f5 {[%emt 0:01:13]} gxf5 {[%emt 0:07:56]} 29. Nxf5 {
[%emt 0:00:16]} Kc7 {[%emt 0:00:04]} 30. Nd6 {[%emt 0:02:47]} Rxc2 {
[%emt 0:00:06]} 31. Qxb6+ {[%emt 0:00:37]} Kxb6 {[%emt 0:00:00]} 32. Nxe4 {
[%emt 0:00:47]} Rh4 {[%emt 0:00:28]} 33. Rd4 {[%emt 0:01:54]} a5 {
[%emt 0:00:05]} 34. h3 {[%emt 0:01:46]} Rb2 {[%emt 0:00:48]} 35. Re3 {
[%emt 0:01:12]} Rxe4 {[%emt 0:01:17]} 36. Rdxe4 {[%emt 0:00:16]} Bxe4 {
[%emt 0:00:02]} 37. Rxe4 {[%emt 0:00:08]} Rxb3 {[%emt 0:00:03]} 0-1

[Event "33ème Open International d'Avoine"]
[Site "Avoine"]
[Date "2018.07.21"]
[Round "4.7"]
[White "Mazzella, Enzo"]
[Black "Midy, Robin"]
[Result "1-0"]
[WhiteElo "2273"]
[BlackElo "2148"]
[PlyCount "107"]
[EventDate "2018.??.??"]

1. e4 {[%emt 0:01:23]} c5 {[%emt 0:00:10]} 2. Nc3 {[%emt 0:00:06]} g6 {
[%emt 0:00:20]} 3. d4 {[%emt 0:00:12]} cxd4 {[%emt 0:02:18]} 4. Qxd4 {
[%emt 0:00:08]} Nf6 {[%emt 0:00:10]} 5. Nf3 {[%emt 0:00:04]} Nc6 {
[%emt 0:00:16]} 6. Qa4 {[%emt 0:00:05]} d6 {[%emt 0:00:42]} 7. e5 {
[%emt 0:00:06]} dxe5 {[%emt 0:01:22]} 8. Nxe5 {[%emt 0:00:21]} Bd7 {
[%emt 0:03:05]} 9. Nxd7 {[%emt 0:01:18]} Nxd7 {[%emt 0:01:32]} 10. Bb5 {
[%emt 0:04:05]} Bg7 {[%emt 0:09:08]} 11. Be3 {[%emt 0:13:51]} O-O {
[%emt 0:16:29]} 12. Rd1 {[%emt 0:07:35]} Qc8 {[%emt 0:11:31]} 13. Nd5 {
[%emt 0:12:37]} Re8 {[%emt 0:17:46]} 14. Nb4 {[%emt 0:21:32]} Nb6 {
[%emt 0:13:21]} 15. Qb3 {[%emt 0:02:19]} Na5 {[%emt 0:09:45]} 16. Qd3 {
[%emt 0:00:15]} Rd8 {[%emt 0:05:42]} 17. Qxd8+ {[%emt 0:00:02]} Qxd8 {
[%emt 0:00:05]} 18. Rxd8+ {[%emt 0:00:02]} Rxd8 {[%emt 0:00:11]} 19. Bxb6 {
[%emt 0:00:35]} axb6 {[%emt 0:00:14]} 20. c3 {[%emt 0:00:55]} Bh6 {
[%emt 0:01:02]} 21. Nd3 {[%emt 0:16:10]} e5 {[%emt 0:05:06]} 22. f3 {
[%emt 0:08:36]} f5 {[%emt 0:06:39]} 23. g3 {[%emt 0:03:48]} e4 {[%emt 0:03:31]}
24. fxe4 {[%emt 0:00:02]} fxe4 {[%emt 0:00:00]} 25. Nf4 {[%emt 0:00:23]} Bxf4 {
[%emt 0:00:43]} 26. gxf4 {[%emt 0:00:00]} e3 {[%emt 0:01:02]} 27. b4 {
[%emt 0:00:20]} Nc6 {[%emt 0:00:12]} 28. Ke2 {[%emt 0:00:08]} Rd2+ {
[%emt 0:00:50]} 29. Kxe3 {[%emt 0:00:04]} Rc2 {[%emt 0:00:10]} 30. Kd3 {
[%emt 0:01:11]} Rf2 {[%emt 0:00:04]} 31. Bxc6 {[%emt 0:01:18]} bxc6 {
[%emt 0:00:00]} 32. Re1 {[%emt 0:00:07]} Kf7 {[%emt 0:01:56]} 33. Re2 {
[%emt 0:00:19]} Rf3+ {[%emt 0:00:29]} 34. Kc2 {[%emt 0:00:24]} Rxf4 {
[%emt 0:00:10]} 35. a4 {[%emt 0:00:19]} c5 {[%emt 0:00:47]} 36. Kb3 {
[%emt 0:01:21]} c4+ {[%emt 0:00:14]} 37. Ka3 {[%emt 0:00:38]} Rf3 {
[%emt 0:00:36]} 38. Rc2 {[%emt 0:00:11]} Ke6 {[%emt 0:00:44]} 39. b5 {
[%emt 0:00:26]} Kd5 {[%emt 0:00:41]} 40. Kb4 {[%emt 0:00:14]} Rd3 {
[%emt 0:00:32]} 41. Rg2 {[%emt 0:07:49]} Rh3 {[%emt 0:25:15]} 42. Rg5+ {
[%emt 0:11:04]} Kd6 {[%emt 0:04:41]} 43. Rg4 {[%emt 0:03:29]} Rxh2 {
[%emt 0:17:20]} 44. Rxc4 {[%emt 0:01:03]} Rb2+ {[%emt 0:01:08]} 45. Ka3 {
[%emt 0:00:06]} Rf2 {[%emt 0:01:02]} 46. a5 {[%emt 0:12:32]} bxa5 {
[%emt 0:03:20]} 47. b6 {[%emt 0:00:16]} Rf8 {[%emt 0:00:57]} 48. Ka4 {
[%emt 0:00:08]} g5 {[%emt 0:00:30]} 49. Kxa5 {[%emt 0:00:17]} Ra8+ {
[%emt 0:00:28]} 50. Kb5 {[%emt 0:00:07]} h5 {[%emt 0:00:34]} 51. b7 {
[%emt 0:01:11]} Rb8 {[%emt 0:00:10]} 52. Kb6 {[%emt 0:00:04]} g4 {
[%emt 0:00:43]} 53. Rc8 {[%emt 0:01:26]} g3 {[%emt 0:00:36]} 54. Rxb8 {
[%emt 0:01:01]} 1-0

[Event "33ème Open International d'Avoine"]
[Site "Avoine"]
[Date "2018.07.21"]
[Round "4.8"]
[White "Djidjeli, Sofiane"]
[Black "Gao, Etienne"]
[Result "1-0"]
[WhiteElo "2130"]
[BlackElo "2249"]
[PlyCount "93"]
[EventDate "2018.??.??"]

1. e4 {[%emt 0:00:07]} c5 {[%emt 0:00:07]} 2. Nf3 {[%emt 0:00:07]} d6 {
[%emt 0:00:07]} 3. d4 {[%emt 0:00:07]} cxd4 {[%emt 0:00:05]} 4. Nxd4 {
[%emt 0:00:06]} Nf6 {[%emt 0:00:07]} 5. f3 {[%emt 0:00:06]} e5 {[%emt 0:00:13]}
6. Nb3 {[%emt 0:00:05]} Be7 {[%emt 0:00:31]} 7. c4 {[%emt 0:00:15]} Be6 {
[%emt 0:00:40]} 8. Be3 {[%emt 0:00:08]} Nbd7 {[%emt 0:02:24]} 9. Be2 {
[%emt 0:00:41]} a6 {[%emt 0:01:17]} 10. O-O {[%emt 0:00:24]} O-O {
[%emt 0:01:44]} 11. Qd2 {[%emt 0:00:08]} Rc8 {[%emt 0:00:38]} 12. Na3 {
[%emt 0:00:06]} Qc7 {[%emt 0:03:51]} 13. Rac1 {[%emt 0:00:14]} Rfe8 {
[%emt 0:00:54]} 14. Rfd1 {[%emt 0:02:14]} h6 {[%emt 0:02:46]} 15. Na1 {
[%emt 0:09:49]} Nh5 {[%emt 0:03:01]} 16. N1c2 {[%emt 0:02:32]} Nf4 {
[%emt 0:01:39]} 17. Bf1 {[%emt 0:00:19]} g5 {[%emt 0:00:11]} 18. Nb4 {
[%emt 0:03:28]} Kh8 {[%emt 0:14:32]} 19. Nd5 {[%emt 0:05:01]} Bxd5 {
[%emt 0:00:13]} 20. cxd5 {[%emt 0:00:07]} Qb8 {[%emt 0:00:15]} 21. g3 {
[%emt 0:00:35]} Ng6 {[%emt 0:00:26]} 22. Bh3 {[%emt 0:00:11]} Rxc1 {
[%emt 0:03:21]} 23. Rxc1 {[%emt 0:00:06]} Nf6 {[%emt 0:01:03]} 24. Qc2 {
[%emt 0:07:05]} g4 {[%emt 0:04:57]} 25. Bxg4 {[%emt 0:01:04]} Nxg4 {
[%emt 0:00:04]} 26. fxg4 {[%emt 0:00:09]} Bg5 {[%emt 0:00:06]} 27. Bxg5 {
[%emt 0:00:31]} hxg5 {[%emt 0:01:16]} 28. Qf2 {[%emt 0:00:04]} Kg7 {
[%emt 0:00:10]} 29. Rf1 {[%emt 0:00:17]} Re7 {[%emt 0:00:52]} 30. Qf6+ {
[%emt 0:04:27]} Kg8 {[%emt 0:00:20]} 31. Qxg5 {[%emt 0:00:39]} Qa7+ {
[%emt 0:00:24]} 32. Rf2 {[%emt 0:00:09]} Kh7 {[%emt 0:06:27]} 33. h4 {
[%emt 0:00:39]} Qd4 {[%emt 0:00:35]} 34. h5 {[%emt 0:00:50]} Rc7 {
[%emt 0:00:48]} 35. hxg6+ {[%emt 0:00:15]} fxg6 {[%emt 0:00:04]} 36. Qh4+ {
[%emt 0:01:37]} Kg7 {[%emt 0:00:27]} 37. Qf6+ {[%emt 0:00:05]} Kh7 {
[%emt 0:00:15]} 38. Qf3 {[%emt 0:00:28]} b5 {[%emt 0:00:55]} 39. Kg2 {
[%emt 0:01:25]} b4 {[%emt 0:01:12]} 40. Nc2 {[%emt 0:03:19]} Qxb2 {
[%emt 0:00:36]} 41. Ne3 {[%emt 0:00:08]} Qd4 {[%emt 0:00:26]} 42. g5 {
[%emt 0:01:21]} Qd3 {[%emt 0:09:29]} 43. Ng4 {[%emt 0:02:16]} Qxf3+ {
[%emt 0:00:09]} 44. Rxf3 {[%emt 0:00:30]} Kg7 {[%emt 0:00:03]} 45. a3 {
[%emt 0:04:32]} Rc2+ {[%emt 0:00:26]} 46. Nf2 {[%emt 0:00:07]} a5 {
[%emt 0:00:14]} 47. axb4 {[%emt 0:00:23]} 1-0

[Event "33ème Open International d'Avoine"]
[Site "Avoine"]
[Date "2018.07.21"]
[Round "4.9"]
[White "Sandu, Mihaela"]
[Black "Budak, Rewi"]
[Result "1/2-1/2"]
[WhiteElo "2248"]
[BlackElo "2075"]
[PlyCount "117"]
[EventDate "2018.??.??"]

1. e4 {[%emt 0:00:02]} c5 {[%emt 0:12:51]} 2. Nf3 {[%emt 0:02:58]} Nc6 {
[%emt 0:01:54]} 3. d4 {[%emt 0:00:05]} cxd4 {[%emt 0:00:06]} 4. Nxd4 {
[%emt 0:00:04]} e6 {[%emt 0:00:12]} 5. Nc3 {[%emt 0:00:13]} a6 {[%emt 0:00:06]}
6. Nxc6 {[%emt 0:00:35]} bxc6 {[%emt 0:17:13]} 7. Bd3 {[%emt 0:00:16]} d5 {
[%emt 0:00:04]} 8. O-O {[%emt 0:00:08]} Nf6 {[%emt 0:00:05]} 9. Re1 {
[%emt 0:00:08]} Qc7 {[%emt 0:00:04]} 10. Bg5 {[%emt 0:13:51]} d4 {
[%emt 0:11:13]} 11. Nb1 {[%emt 0:03:51]} Bd6 {[%emt 0:02:57]} 12. h3 {
[%emt 0:02:54]} Nd7 {[%emt 0:07:04]} 13. c3 {[%emt 0:01:32]} h6 {[%emt 0:01:28]
} 14. Bc1 {[%emt 0:12:30]} c5 {[%emt 0:03:02]} 15. Na3 {[%emt 0:00:20]} O-O {
[%emt 0:04:53]} 16. Nc4 {[%emt 0:09:10]} Ne5 {[%emt 0:06:27]} 17. Nxd6 {
[%emt 0:01:21]} Nxd3 {[%emt 0:05:59]} 18. Qxd3 {[%emt 0:00:46]} Qxd6 {
[%emt 0:01:45]} 19. cxd4 {[%emt 0:01:36]} Qxd4 {[%emt 0:01:39]} 20. Qg3 {
[%emt 0:02:03]} Kh7 {[%emt 0:05:56]} 21. Be3 {[%emt 0:09:28]} Qxb2 {
[%emt 0:02:12]} 22. Rac1 {[%emt 0:03:00]} Bd7 {[%emt 0:08:33]} 23. Bxc5 {
[%emt 0:09:28]} Rfc8 {[%emt 0:03:44]} 24. Rcd1 {[%emt 0:11:33]} Rxc5 {
[%emt 0:03:18]} 25. Rxd7 {[%emt 0:00:07]} Qf6 {[%emt 0:00:46]} 26. e5 {
[%emt 0:00:52]} Qf5 {[%emt 0:03:17]} 27. Rd4 {[%emt 0:03:31]} Rb8 {
[%emt 0:03:46]} 28. Rg4 {[%emt 0:01:47]} g5 {[%emt 0:02:44]} 29. h4 {
[%emt 0:05:57]} Rc3 {[%emt 0:00:06]} 30. Qxc3 {[%emt 0:01:31]} Qxg4 {
[%emt 0:00:10]} 31. Qc7 {[%emt 0:04:15]} Rf8 {[%emt 0:00:02]} 32. hxg5 {
[%emt 0:00:06]} hxg5 {[%emt 0:02:17]} 33. Qd6 {[%emt 0:04:55]} Rh8 {
[%emt 0:00:38]} 34. Qe7 {[%emt 0:04:29]} Qf5 {[%emt 0:00:24]} 35. a4 {
[%emt 0:01:20]} Kg7 {[%emt 0:00:26]} 36. a5 {[%emt 0:00:16]} Qf4 {
[%emt 0:00:36]} 37. Re3 {[%emt 0:00:55]} Kg6 {[%emt 0:00:28]} 38. Qb7 {
[%emt 0:00:51]} Qh2+ {[%emt 0:00:28]} 39. Kf1 {[%emt 0:00:03]} Qh1+ {
[%emt 0:00:32]} 40. Ke2 {[%emt 0:00:05]} Rd8 {[%emt 0:00:40]} 41. Qe4+ {
[%emt 0:12:07]} Kg7 {[%emt 0:00:08]} 42. Rd3 {[%emt 0:00:06]} Qb1 {
[%emt 0:02:35]} 43. Qc4 {[%emt 0:13:06]} Qb2+ {[%emt 0:10:37]} 44. Kf3 {
[%emt 0:01:38]} Rxd3+ {[%emt 0:01:25]} 45. Qxd3 {[%emt 0:00:05]} Qxe5 {
[%emt 0:00:09]} 46. Qxa6 {[%emt 0:01:00]} f5 {[%emt 0:00:35]} 47. g4 {
[%emt 0:08:47]} Qe4+ {[%emt 0:01:39]} 48. Kg3 {[%emt 0:00:04]} Qxg4+ {
[%emt 0:00:04]} 49. Kh2 {[%emt 0:00:03]} f4 {[%emt 0:12:33]} 50. Qb7+ {
[%emt 0:01:35]} Kf6 {[%emt 0:05:00]} 51. Qe4 {[%emt 0:01:28]} Qh5+ {
[%emt 0:06:22]} 52. Kg2 {[%emt 0:01:14]} Qg4+ {[%emt 0:00:04]} 53. Kh2 {
[%emt 0:00:12]} Qh5+ {[%emt 0:00:04]} 54. Kg2 {[%emt 0:00:04]} Qd1 {
[%emt 0:01:10]} 55. a6 {[%emt 0:00:51]} Qa1 {[%emt 0:00:02]} 56. Qb7 {
[%emt 0:05:50]} g4 {[%emt 0:00:02]} 57. a7 {[%emt 0:00:13]} f3+ {[%emt 0:00:02]
} 58. Kg3 e5 {[%emt 0:00:15]} 59. Qc6+ {[%emt 0:00:13]} 1/2-1/2

[Event "33ème Open International d'Avoine"]
[Site "Avoine"]
[Date "2018.07.21"]
[Round "4.10"]
[White "Merenciano, Alexandre"]
[Black "Ollier, Pablo"]
[Result "0-1"]
[WhiteElo "2139"]
[BlackElo "2398"]
[PlyCount "84"]
[EventDate "2018.??.??"]

1. e4 {[%emt 0:04:37]} e6 {[%emt 0:00:41]} 2. d4 {[%emt 0:03:10]} d5 {
[%emt 0:00:15]} 3. Nd2 {[%emt 0:00:37]} Nf6 {[%emt 0:00:12]} 4. e5 {
[%emt 0:00:47]} Nfd7 {[%emt 0:00:27]} 5. c3 {[%emt 0:00:20]} c5 {[%emt 0:00:14]
} 6. f4 {[%emt 0:02:39]} Nc6 {[%emt 0:00:20]} 7. Ndf3 {[%emt 0:00:05]} Qb6 {
[%emt 0:01:18]} 8. a3 {[%emt 0:05:00]} Be7 {[%emt 0:00:50]} 9. b4 {
[%emt 0:00:41]} cxd4 {[%emt 0:00:10]} 10. cxd4 {[%emt 0:00:06]} a6 {
[%emt 0:00:35]} 11. h4 {[%emt 0:01:13]} Qc7 {[%emt 0:00:30]} 12. Bd2 {
[%emt 0:28:12]} b5 {[%emt 0:03:18]} 13. Bd3 {[%emt 0:00:45]} Nb6 {
[%emt 0:01:18]} 14. Ne2 {[%emt 0:00:16]} Nc4 {[%emt 0:02:29]} 15. Qb1 {
[%emt 0:00:04]} Bd7 {[%emt 0:22:54]} 16. f5 {[%emt 0:03:58]} g6 {[%emt 0:20:01]
} 17. fxe6 {[%emt 0:11:56]} Bxe6 {[%emt 0:00:56]} 18. Nf4 {[%emt 0:04:06]}
O-O-O {[%emt 0:01:47]} 19. Bxc4 {[%emt 0:13:11]} dxc4 {[%emt 0:02:33]} 20. Qe4
{[%emt 0:02:49]} Bf5 {[%emt 0:01:59]} 21. Qe3 {[%emt 0:01:29]} Bg4 {
[%emt 0:02:03]} 22. Bc3 {[%emt 0:01:20]} Rhe8 {[%emt 0:02:02]} 23. O-O {
[%emt 0:15:04]} Bf8 {[%emt 0:04:02]} 24. Ng5 {[%emt 0:02:06]} Qa7 {
[%emt 0:04:19]} 25. Kh1 {[%emt 0:03:38]} Ne7 {[%emt 0:01:11]} 26. Ne4 {
[%emt 0:01:45]} Nf5 {[%emt 0:03:19]} 27. Qf2 {[%emt 0:00:09]} Be7 {
[%emt 0:00:16]} 28. g3 {[%emt 0:01:09]} Qb7 {[%emt 0:01:34]} 29. d5 {
[%emt 0:00:27]} h6 {[%emt 0:01:59]} 30. Rae1 {[%emt 0:02:22]} g5 {
[%emt 0:00:22]} 31. Ng2 {[%emt 0:01:18]} Rxd5 {[%emt 0:01:11]} 32. Kh2 {
[%emt 0:00:41]} Rd3 {[%emt 0:01:48]} 33. Nf6 {[%emt 0:00:13]} Bxf6 {
[%emt 0:01:09]} 34. exf6 {[%emt 0:00:02]} Red8 {[%emt 0:01:31]} 35. Be5 {
[%emt 0:00:45]} Qc6 {[%emt 0:02:34]} 36. Qa7 {[%emt 0:00:15]} Nd6 {
[%emt 0:05:11]} 37. Bxd6 {[%emt 0:01:07]} R3xd6 {[%emt 0:00:11]} 38. Rf2 {
[%emt 0:00:42]} Be6 {[%emt 0:01:01]} 39. Re5 {[%emt 0:00:27]} Rd5 {
[%emt 0:02:13]} 40. Rxd5 {[%emt 0:00:33]} Rxd5 {[%emt 0:00:58]} 41. Qe3 {
[%emt 0:02:05]} Rd3 {[%emt 0:02:18]} 42. Qc1 {[%emt 0:01:52]} Qd6 {
[%emt 0:01:38]} 0-1

[Event "33ème Open International d'Avoine"]
[Site "Avoine"]
[Date "2018.07.21"]
[Round "4.11"]
[White "Defromont, Benjamin"]
[Black "Colin, Vincent"]
[Result "0-1"]
[WhiteElo "2132"]
[BlackElo "2381"]
[PlyCount "116"]
[EventDate "2018.??.??"]

1. e4 c5 2. Nf3 Nc6 3. d4 cxd4 4. Nxd4 e5 5. Nb5 d6 6. N1c3 a6 7. Na3 Be7 8.
Be3 b5 9. Nd5 Rb8 10. c4 b4 11. Nc2 Nf6 12. Bd3 O-O 13. O-O a5 14. f3 Nd7 15.
Qe1 Bg5 16. Rd1 b3 17. Na3 bxa2 18. Nb5 Nc5 19. Bc2 Ne6 20. Ra1 Bxe3+ 21. Qxe3
Ncd4 22. Bd3 Ba6 23. Ndc3 Nf4 24. Kh1 Qb6 25. Rfd1 Bxb5 26. Nxb5 Nxd3 27. Qxd3
Nxb5 28. cxb5 Qxb5 29. Qxb5 Rxb5 30. Rxa2 Rc8 31. h3 Rc6 32. Rd5 Rxd5 33. exd5
Ra6 34. Ra4 Rb6 35. Rxa5 f5 36. Kg1 h5 37. Ra8+ Kf7 38. Ra7+ Kf6 39. Rd7 h4 40.
b3 e4 41. fxe4 fxe4 42. Kf2 g5 43. Ke2 Ke5 44. Rg7 Kxd5 45. Rxg5+ Kd4 46. Rg6
Ra6 47. b4 Ra2+ 48. Kd1 d5 49. b5 Rb2 50. b6 Kd3 51. Kc1 Rb4 52. g3 e3 53. gxh4
Rc4+ 54. Kb2 e2 55. Rg1 Kd2 56. Ka3 Rc6 57. Kb4 Rxb6+ 58. Kc5 Rh6 0-1